Values and the future : The impact of technological change on American values
Saved in:
| Main Author: | |
|---|---|
| Format: | Book |
| Language: | Undetermined |
| Published: |
New York
The Free Press
1969
|
| Subjects: | |
| Tags: |
Add Tag
No Tags, Be the first to tag this record!
|
| Institutions: | Trung tâm Học liệu Trường Đại học Cần Thơ |
|---|
| LEADER | 00556nam a2200193Ia 4500 | ||
|---|---|---|---|
| 001 | CTU_85277 | ||
| 008 | 210402s9999 xx 000 0 und d | ||
| 082 | |a 301.2 | ||
| 082 | |b B152 | ||
| 100 | |a Baier, Kurt | ||
| 245 | 0 | |a Values and the future : | |
| 245 | 4 | |b The impact of technological change on American values | |
| 245 | 0 | |c Kurt Baier and Nicholas Rescher | |
| 260 | |a New York | ||
| 260 | |b The Free Press | ||
| 260 | |c 1969 | ||
| 650 | |a Technology and civilization | ||
| 904 | |i Năm | ||
| 980 | |a Trung tâm Học liệu Trường Đại học Cần Thơ | ||